[Event "DEN-chT Xtracon 2017-18"]
[Site "Denmark"]
[Date "2017.12.03"]
[Round "3.4"]
[White "Hansen, Mads"]
[Black "Veng, Johnni"]
[Result "1-0"]
[WhiteElo "2387"]
[BlackElo "2255"]
[Annotator "TA"]
[PlyCount "101"]
[EventDate "2017.??.??"]
[EventType "team-tourn"]
[EventCountry "DEN"]
[SourceTitle "playchess.com"]
[Source "ChessBase"]
[SourceQuality "1"]

{[%evp 18,101,47,15,48,48,50,48,58,53,33,30,23,16,73,69,84,0,108,72,66,55,109,90,98,104,94,83,114,31,24,0,0,0,0,0,0,-60,-60,-70,-68,-64,-66,-182,0,0,0,0,64,64,64,64,64,64,64,64,118,118,118,116,162,162,152,133,191,94,796,777,744,729,1493,1284,988,685,12845,12846,12846,12847,12847,12847,12848,12848,12849,12849,29999,29999]} 1. e4 c5 2. Nf3 Nc6 3. d4 cxd4 4. Nxd4 Nf6 5. Nc3 e5 6. Ndb5 {[%cal Bd4b5,Bb5a3,Ba3c4][%mdl 32]} d6 7. Bg5 a6 8. Na3 Be6 9. Nc4 {B33: Sicilian: Pelikan and Sveshnikov Variations} Rb8 10. a4 {LiveBook: 7 Games} (10. Nd5 Bxd5 11. Bxf6 Qxf6 12. Qxd5 Nb4 13. Qd2 d5 14. a3 dxc4 15. axb4 Rd8 16. Qe3 Qg6 {½-½ (30) Harikrishna,P (2752)-Radjabov,T (2722) Monzon 2016}) 10... h6 11. Bxf6 $1 {White is slightly better.} Qxf6 12. Ne3 Qd8 $146 ({Predecessor:} 12... Be7 13. Bd3 O-O {½-½ (14) Zawadzka,J (2419)-Heberla,B (2580) Katowice 2017}) 13. Bc4 Be7 14. Bxe6 fxe6 15. Qh5+ Kd7 (15... Kf8 $1 $11) 16. O-O $16 Rc8 17. a5 (17. Qf7 Qf8 $11) (17. Qh3 $16) 17... Nd4 (17... Nxa5 $11 18. Rfd1 Nc6) 18. Na4 {And now c3 would win.} Qxa5 19. b4 Qc7 {[#]} ({Not} 19... Qxb4 $2 20. Rfb1 $18) (19... Qd8 $14) 20. c3 $1 {[%cal Rc3d4]} Nb3 21. Qd1 b5 ({Don't go for} 21... Nxa1 $2 22. Nc5+ Kc6 23. Nxe6 $16) 22. Qxb3 bxa4 23. Rxa4 (23. Qxa4+ $16 Qc6 24. Qd1 (24. Qxa6 Qxa6 25. Rxa6 Rxc3 $11)) 23... Qxc3 $14 24. Qa2 Rc6 25. Rxa6 Rxa6 26. Qxa6 {Strongly threatening Nc4.} Rb8 27. Nc4 (27. Qa7+ $11 Qc7 28. Qa3) 27... Rxb4 $15 28. Nb6+ $1 Ke8 {Hoping for ...Qc6.} 29. Nc8 $1 Qc7 {Threatens to win with ...Bf8.} 30. Rd1 ({White should try} 30. Qa3 $15 Rc4 31. Nxe7 Kxe7 32. Qg3) 30... Qc2 $2 (30... Bf8 $19 {White must now prevent ...Rb7.} 31. h3 Kd7) 31. Nxd6+ $11 Bxd6 32. Qxd6 {[%mdl 4096] Endgame KQR-KQR} Rb1 (32... Kf7 $11) 33. Qxe6+ $14 Kf8 {[%cal Rb1d1]} 34. Qd6+ Kg8 35. Qd5+ Kh7 36. Rf1 Rxf1+ ({Black should play} 36... Rb4 $14) 37. Kxf1 {KQ-KQ} Qc1+ 38. Ke2 Qc2+ 39. Kf3 Qc3+ 40. Kg4 Qb2 {[#]} (40... Qc8+ $16 41. Kg3 Qe8) 41. Kg3 (41. Qf7 $1 $18 {has better winning chances.}) 41... h5 $2 {[%mdl 8192]} (41... Qa3+ $16 42. f3 Qe7) 42. Qf7 $18 Kh6 43. Qe6+ g6 44. Qg8 {Intending Qh8+ and mate.} h4+ 45. Kh3 {White wants to mate with Qh8+.} Qxf2 46. Qh8+ Kg5 47. Qxe5+ Kh6 48. Qh8+ Kg5 49. Qd8+ Kh5 50. g4+ hxg3 51. Qh8+ {Precision: White = 55%, Black = 27%.} 1-0

[Event "DEN-chT Xtracon 2017-18"]
[Site "Denmark"]
[Date "2017.12.03"]
[Round "3.4"]
[White "Stojanovski, Sandi"]
[Black "Seegert, Kristian"]
[Result "0-1"]
[WhiteElo "2270"]
[BlackElo "2241"]
[Annotator "TA"]
[PlyCount "58"]
[EventDate "2017.??.??"]
[EventType "team-tourn"]
[EventCountry "DEN"]
[SourceTitle "playchess.com"]
[Source "ChessBase"]
[SourceQuality "1"]

{[%evp 20,58,20,21,69,65,60,74,64,72,112,22,62,19,14,13,18,14,15,-97,-87,-106,-101,-196,-230,-216,-216,-206,-208,-227,-250,-233,-234,-245,-243,-261,-275,-331,-315,-29998,-29999]} 1. c4 e5 2. g3 Nc6 3. Nc3 Bc5 4. Bg2 a6 5. Nf3 d6 6. O-O Nf6 7. d3 h6 8. a3 O-O 9. b4 Ba7 10. e3 {A29: English Opening: Four Knights Variation with 4 g3} (10. Bb2 Re8 11. e3 Ne7 12. Nd2 Rb8 13. Nde4 Ng6 14. Rc1 c6 15. c5 Nxe4 16. Nxe4 d5 17. Nd6 Bd7 18. Nxe8 Qxe8 {0-1 (44) Grischuk,A (2754)-Carlsen,M (2857) chess.com INT 2016}) 10... Be6 11. Bb2 {LiveBook: 7 Games} e4 12. Ne1 $146 {White is slightly better.} ({Predecessor:} 12. Nxe4 Nxe4 13. dxe4 Bxc4 14. Re1 f5 15. exf5 Rxf5 16. Nh4 Rf7 17. Qc2 d5 18. Rad1 Qg5 {1-0 (28) Nielsen,M (2190)-Nielsen,V (2003) Copenhagen 2014}) 12... exd3 13. Nd5 Ne5 14. Nxd3 Nfd7 15. Nxe5 (15. c5 $16) 15... Nxe5 16. Qc2 (16. c5 $5) 16... c6 17. Nf4 {Strongly threatening c5.} Bxc4 18. Rfd1 Qe7 19. Nh5 (19. Bxe5 $1 $11 {keeps the balance.} dxe5 20. Qxc4 exf4 21. gxf4 (21. exf4 Qf6 $11) (21. Qxf4 Rad8 $11)) 19... d5 $17 20. Kh1 Qg5 21. Nxg7 (21. Nf4 $17) 21... Qxg7 $19 ({Inferior is} 21... Kxg7 22. f4 $11) 22. f4 f6 {[%cal Bf7f6,Bf6e5][%mdl 32] [#] Threatens to win with ...Ng4.} ({Don't do} 22... Bxe3 23. Bxe5 Qg6 24. f5 $17) ({Don't play} 22... Qg6 23. Qc3 $17) 23. fxe5 fxe5 24. Qc3 Rf2 25. Rd2 Raf8 {[%cal Ba8f8,Bf8f2,Bf2f1][%mdl 32]} 26. Rad1 b5 27. Rxf2 Rxf2 28. Rd2 Qf6 {( -> ...Rf1+!)} 29. Kg1 $2 {[#]} (29. h4 $19 d4 30. exd4) 29... Rf1+ $1 {[%mdl 512] Precision: White = 38%, Black = 84%.} 0-1

[Event "DEN-chT Xtracon 2017-18"]
[Site "Denmark"]
[Date "2017.12.03"]
[Round "3.4"]
[White "Thogersen, Rasmus"]
[Black "Matthiesen, Arne"]
[Result "1-0"]
[WhiteElo "2251"]
[BlackElo "2300"]
[Annotator "TA"]
[PlyCount "91"]
[EventDate "2017.??.??"]
[EventType "team-tourn"]
[EventCountry "DEN"]
[SourceTitle "playchess.com"]
[Source "ChessBase"]
[SourceQuality "1"]

{[%evp 18,91,39,16,29,16,31,28,16,27,54,64,106,110,113,106,65,-15,-15,-15,-9,-8,-9,-17,-11,-18,-12,-29,0,-10,-8,-14,0,0,0,0,0,0,0,-10,0,-10,0,0,0,0,23,0,0,0,8,0,0,0,0,0,0,0,8,0,0,-304,-247,-130,8,18,489,489,1141,1035,1201,793,29973,29974,29988,29989]} 1. e4 c5 2. Nf3 Nc6 3. d4 cxd4 4. Nxd4 g6 5. Nc3 Bg7 6. Be3 Nf6 7. Bc4 O-O 8. Bb3 d5 9. exd5 {B35: Sicilian: Accelerated Dragon with 5 Nc3: main line} Na5 10. Nde2 {LiveBook: 5 Games} (10. O-O Nxb3 11. Nxb3 b6 12. d6 e6 13. Qf3 Rb8 14. Rfd1 Bb7 15. Qh3 Rc8 16. Bd4 Nd5 17. Nxd5 Bxd5 18. Bxg7 Kxg7 {1-0 (34) Vachier Lagrave,M (2796)-Gelfand,B (2719) Palma de Mallorca 2017}) 10... b6 11. Qd2 {White has an edge.} Bb7 12. O-O-O Nxb3+ 13. axb3 {[#]} Qd7 $146 ({Predecessor:} 13... b5 14. Nxb5 Nxd5 15. Bd4 Bxd4 16. Qxd4 e5 {0-1 (46) Gao,R (2551)-Chigaev,M (2531) Groningen 2016}) 14. Bh6 Rfd8 15. Bxg7 Kxg7 16. Nf4 Qf5 17. f3 (17. Rhe1 $14 e5 18. Nd3) 17... e5 $11 18. Nfe2 Nxd5 19. Nxd5 Rxd5 20. Qe3 Rad8 21. Rxd5 Rxd5 22. h4 h6 23. Nc3 Rd7 24. Re1 Qf4 25. Qxf4 exf4 {[%mdl 4096] Endgame KRB-KRN} 26. Re8 g5 27. hxg5 hxg5 28. Ne4 f6 29. Re6 Bd5 (29... Bxe4 {keeps more tension.} 30. Rxe4 Kg6 31. Re6 Kf5 32. Re8 a5) 30. Rd6 Rxd6 31. Nxd6 {KB-KN} Be6 32. b4 Kf8 33. b3 Ke7 34. Nb5 a5 $1 35. bxa5 bxa5 36. Kb2 Bd7 37. c4 Ke6 38. Ka3 Ke5 39. Ka4 $2 {[%mdl 8192]} (39. b4 $11) 39... g4 40. Kxa5 {[#]} g3 ({Black should play} 40... Bc6 $1 $17 {[%cal Rc6f3] aiming for ...Bxf3!} 41. fxg4 Bxg2) 41. Nc3 $1 {[%cal Rc3e2] Black must now prevent Ne2.} Kd4 $2 {[%mdl 8192]} (41... Bh3 $1 $11 {and Black stays safe.} 42. gxh3 Kd4) 42. Nd5 $18 Ke5 {[#]} (42... Bf5 $142 43. b4 (43. Nxf6 Bh3 $19) (43. Nxf4 Ke3 $18) 43... Bd3) 43. b4 $1 {[%cal Bb3b4,Bb4b5,Bb5b6,Bb6b7][%mdl 32]} Bh3 44. b5 Bxg2 45. b6 Kd6 46. b7 {Precision: White = 56%, Black = 37%.} 1-0

[Event "DEN-chT Xtracon 2017-18"]
[Site "Denmark"]
[Date "2017.12.03"]
[Round "3.5"]
[White "Sloth, Jorn"]
[Black "Andersen, Jackie"]
[Result "1/2-1/2"]
[WhiteElo "2295"]
[BlackElo "2388"]
[Annotator "TA"]
[PlyCount "35"]
[EventDate "2017.??.??"]
[EventType "team-tourn"]
[EventCountry "DEN"]
[SourceTitle "playchess.com"]
[Source "ChessBase"]
[SourceQuality "1"]

{[%evp 14,35,47,26,26,26,40,23,51,25,32,20,79,5,24,20,36,12,79,24,29,29,36,30]} 1. Nf3 g6 2. e3 Bg7 3. d4 d6 4. Be2 Nf6 5. c4 O-O 6. Nc3 a6 7. O-O c5 8. b3 {LiveBook: 4 Games} Nc6 {E61: King's Indian: Early deviations for White, including Smyslov System} 9. Bb2 Rb8 10. Rc1 Bd7 $146 {White has an edge.} ({Predecessor:} 10... Bf5 11. d5 Na7 12. Nd2 b5 13. Ba1 b4 14. Na4 e5 15. dxe6 Bxe6 16. e4 {½-½ (59) Jacobsen,M (2370)-Rolvag,M (2193) Helsingor 2015}) 11. Qd2 cxd4 12. exd4 Ng4 (12... e5 $11 {keeps the balance.}) 13. Nd5 (13. Rce1 $16) 13... b5 14. Ng5 {Strongly threatening cxb5.} Nh6 15. Ne3 bxc4 (15... e5 $11) 16. d5 ({Weaker is} 16. bxc4 e5 $17) (16. Rxc4 $16 e5 17. Ne4) 16... Bxb2 $11 17. Qxb2 Ne5 18. Nxc4 {Precision: White = 11%, Black = 40%.} 1/2-1/2

[Event "DEN-chT Xtracon 2017-18"]
[Site "Denmark"]
[Date "2017.12.03"]
[Round "3.5"]
[White "Bank, Pelle"]
[Black "Rosenkilde, Alexander"]
[Result "1-0"]
[WhiteElo "2283"]
[BlackElo "2216"]
[Annotator "TA"]
[PlyCount "85"]
[EventDate "2017.??.??"]
[EventType "team-tourn"]
[EventCountry "DEN"]
[SourceTitle "playchess.com"]
[Source "ChessBase"]
[SourceQuality "1"]

{[%evp 9,85,-25,0,0,0,0,1,3,0,8,3,-6,-6,-25,-37,-39,-24,-62,-10,-17,-16,-23,-16,-30,0,0,0,0,-2,0,-10,-8,-15,-8,-9,-8,-18,-11,0,-14,-5,-28,-13,-16,0,-6,11,0,16,16,30,0,10,7,16,0,0,0,74,74,66,64,349,349,453,422,702,581,933,921,29984,29985,29985,29986,29989,29979,29993,29994]} 1. d4 Nf6 2. Bg5 Ne4 3. Bf4 d5 4. f3 Nf6 5. e4 c5 {LiveBook: 3 Games} (5... e6 6. e5 Nfd7 7. Be3 c5 8. c3 Nc6 9. f4 Qb6 10. Qd2 Be7 11. Nf3 O-O 12. Bd3 f5 13. O-O a6 14. Kh1 {1-0 (36) Moiseenko,A (2657)-Tari,A (2584) Doha 2016}) 6. e5 {A45: Trompowsky Attack} Nfd7 7. c3 cxd4 8. cxd4 {The position is equal.} Nc6 9. Be3 Nb6 10. Nc3 Bf5 11. f4 $146 ({Predecessor:} 11. g4 Bg6 12. Nh3 e6 13. Nf4 {0-1 (49) Provkin,V (2163)-Lepaev,A (2059) Voronezh 2017}) 11... e6 12. Nf3 Be7 13. Be2 O-O (13... Nb4 $15 14. Bb5+ Kf8) 14. O-O Rc8 15. Rc1 Na5 16. Nd2 Nbc4 (16... Bg6 {with more complications.} 17. g4 h6 18. Qe1 f5 19. exf6 Rxf6 20. Qg3 Nbc4) 17. Nxc4 Nxc4 18. Bxc4 dxc4 19. d5 exd5 20. Nxd5 Bd3 21. Nxe7+ Qxe7 22. Rf2 b5 23. a3 Rfd8 24. Qf3 Bf5 25. Rd2 Rxd2 26. Bxd2 Qc7 27. Bb4 Qc6 28. Qf2 a6 29. Rd1 Bd3 30. Re1 Qg6 31. h3 h5 32. Kh2 Re8 33. Re3 Be4 (33... Qb6 $11 {keeps the balance.}) 34. Rg3 $16 Qe6 35. Rg5 Bg6 $2 {[%mdl 8192] [#]} (35... g6 $14) 36. Bc3 $18 Qe7 37. h4 Bd3 (37... a5 $142 38. f5 (38. Bxa5 Be4 $18) 38... b4 39. axb4 (39. fxg6 bxc3 40. bxc3 fxg6 $14) 39... axb4) 38. f5 Qc7 39. Qg3 f6 40. exf6 {White mates.} Qxg3+ 41. Kxg3 Re3+ 42. Kf2 Re4 43. Rxg7+ {Precision: White = 53%, Black = 37%.} 1-0

[Event "DEN-chT Xtracon 2017-18"]
[Site "Denmark"]
[Date "2017.12.03"]
[Round "3.5"]
[White "Pedersen, Nicolai Kvist Brond"]
[Black "Ostergaard, Jens"]
[Result "1/2-1/2"]
[WhiteElo "2180"]
[BlackElo "2220"]
[Annotator "TA"]
[PlyCount "99"]
[EventDate "2017.??.??"]
[EventType "team-tourn"]
[EventCountry "DEN"]
[SourceTitle "playchess.com"]
[Source "ChessBase"]
[SourceQuality "1"]

{[%evp 14,99,18,3,33,32,31,29,22,29,75,58,91,84,95,82,94,11,91,88,93,93,93,88,99,83,81,76,77,68,107,89,104,95,103,98,172,170,387,383,397,346,373,346,563,587,569,537,946,826,806,520,705,231,235,218,264,264,599,599,611,485,1244,935,900,625,600,489,469,102,108,59,59,67,85,59,59,59,68,0,59,0,0,0,0,0,0,0]} 1. d4 Nf6 2. c4 e6 3. g3 d5 4. Nf3 Bb4+ 5. Bd2 Bd6 (5... Be7 6. Bg2 O-O 7. O-O Nbd7 8. Bc3 b6 9. cxd5 Nxd5 10. e4 Nxc3 11. Nxc3 Bb7 12. Re1 Re8 13. Qc2 c6 14. Rad1 Qc7 15. e5 Rad8 {0-1 (72) Ding,L (2774)-Carlsen,M (2837) Saint Louis 2017}) 6. Bg2 {E01: Catalan: Early deviations} O-O 7. O-O c6 8. Nc3 {LiveBook: 27 Games} b6 9. Qc2 Ba6 $146 ({Predecessor:} 9... Bb7 10. e4 dxe4 11. Nxe4 Nxe4 12. Qxe4 Nd7 13. b4 Nf6 14. Qe2 c5 15. dxc5 bxc5 {1-0 (29) Nester,I (2326)-Rozycki,B (2166) Lvov 2017}) 10. cxd5 cxd5 11. Rfc1 Qe7 12. Bg5 Bb4 13. e4 $36 {[%mdl 2048] And now e5 would win. White has strong initiative.} Bxc3 14. bxc3 {Hoping for e5.} ({Much weaker is} 14. Qxc3 dxe4 15. Ne5 Bb7 $11) 14... dxe4 15. Qxe4 (15. Bxf6 $1 $16 gxf6 16. Qxe4) 15... Bb7 (15... Nbd7 $11) 16. Bxf6 $16 gxf6 17. Qg4+ Kh8 18. c4 Nd7 19. Re1 Bxf3 20. Qxf3 Rac8 21. Rac1 Qd6 22. Qe3 Qb4 23. Bf1 Qd6 24. Red1 Rg8 {[#]} (24... Qe7 $16 {might work better.}) 25. c5 $1 $18 {[%cal Rc5d6,Bc4c5,Bc5c6,Bc6c7][%mdl 544]} Qd5 $2 (25... bxc5 26. dxc5 Qc6) 26. Bg2 Qg5 27. f4 Qh5 28. c6 Nf8 $2 (28... Nb8 29. d5 exd5 30. Rxd5 Qg6) 29. c7 Nd7 30. Bb7 Qa5 31. Bxc8 Rxc8 32. Qc3 Qxa2 {[#]} 33. Ra1 $2 (33. d5 $1 {[%mdl 512]} Qe2 (33... exd5 34. Rc2) 34. Re1) 33... Qd5 34. Rxa7 b5 35. Ra6 {Strongly threatening Qc6.} b4 $2 (35... f5 36. Rc1 Kg7) 36. Qc6 Qb3 37. Re1 Qd3 (37... Kg7 $142 38. Ra7 Qc3 39. Qxc3 bxc3) 38. Ra8 Qxd4+ 39. Kh1 Nb6 40. Rxc8+ Nxc8 {[%mdl 4096] Endgame KQR-KQN} 41. Qe4 $2 ({Not} 41. Qe8+ Kg7 $18) (41. Qb7 $18 {and White stays clearly on top.} Kg7 42. Qxc8) 41... Qc3 $16 42. Rb1 {f5 is the strong threat.} (42. Rd1 {keeps more tension.} Qxc7 43. f5 exf5 44. Qxf5 Qc6+ 45. Qd5) 42... Qxc7 43. Qxb4 {[%cal Rb4f8]} Kg7 44. Qe4 Nd6 45. Qf3 Qc2 46. Rb8 ({White should try} 46. Re1 $14) 46... f5 (46... Ne4 $11) 47. Qa3 ({White should play} 47. Rb3 $14) 47... Qd1+ $11 {The position is equal.} 48. Kg2 {Black must now prevent Qc3+.} Qe2+ 49. Kg1 Qe1+ 50. Kg2 {Precision: White = 52%, Black = 35%.} 1/2-1/2

[Event "DEN-chT Xtracon 2017-18"]
[Site "Denmark"]
[Date "2017.12.03"]
[Round "3.6"]
[White "Boe, Mads"]
[Black "Baekgaard, Martin"]
[Result "1/2-1/2"]
[WhiteElo "2297"]
[BlackElo "2297"]
[Annotator "TA"]
[PlyCount "40"]
[EventDate "2017.??.??"]
[EventType "team-tourn"]
[EventCountry "DEN"]
[SourceTitle "playchess.com"]
[Source "ChessBase"]
[SourceQuality "1"]

{[%evp 27,40,0,0,-8,0,0,0,-2,-2,-16,-7,-13,-16,-15,-8]} 1. d4 Nf6 2. Nf3 d5 3. c4 e6 4. cxd5 exd5 5. Nc3 c6 6. Qc2 Be7 7. Bg5 g6 8. e3 Bf5 9. Bd3 Bxd3 10. Qxd3 Nbd7 11. O-O O-O 12. h3 Re8 13. Bf4 a5 {D36: Queen's Gambit Declined: Exchange Variation: Main line (5 Bg5 c6 6 Qc2)} 14. Qc2 Nb6 {[%cal Bd7b6,Bb6c8,Bc8d6,Bd6f5][%mdl 32] LiveBook: 3 Games. The position is equal.} 15. Ne5 {[#]} Nc8 $146 ({Predecessor:} 15... Nfd7 16. Nd3 Qc8 17. f3 Nf8 18. Qf2 Ne6 19. Bh2 Qd8 20. Rad1 a4 21. Kh1 {1-0 (45) Bu,X (2640)-Rowson,J (2594) Turin 2006}) 16. Na4 Nd6 17. Nc5 Nfe4 18. Ncd3 Qc8 19. Bh2 Nf5 20. Nf3 Bd6 1/2-1/2

[Event "DEN-chT Xtracon 2017-18"]
[Site "Denmark"]
[Date "2017.12.03"]
[Round "3.6"]
[White "Rathlev, Jakob"]
[Black "Hansen, Lars Bo"]
[Result "1/2-1/2"]
[WhiteElo "2218"]
[BlackElo "2560"]
[Annotator "TA"]
[PlyCount "67"]
[EventDate "2017.??.??"]
[EventType "team-tourn"]
[EventCountry "DEN"]
[SourceTitle "playchess.com"]
[Source "ChessBase"]
[SourceQuality "1"]

{[%evp 25,67,0,8,7,14,8,17,15,18,14,14,11,13,9,10,10,14,8,18,13,14,10,11,16,16,24,23,23,23,20,17,17,35,25,25,26,24,8,1,-11,0,-18,-13,-33]} 1. Nf3 e6 2. g3 b6 3. Bg2 Bb7 4. O-O Nf6 5. b3 Be7 6. Bb2 O-O 7. c4 d5 8. e3 c5 9. Nc3 Nc6 10. Qe2 d4 {A14: English Opening: 1...e6 with b3 by White} (10... dxc4 11. bxc4 Qc7 12. Ne1 a6 13. f4 Na7 14. a4 Bxg2 15. Qxg2 Qc6 16. Nf3 Rab8 17. g4 Qb7 18. g5 Ne4 19. Ne5 Nxc3 20. Bxc3 {0-1 (62) Bocharov,D (2577)-Frolyanov,D (2569) Sochi 2015}) 11. exd4 Nxd4 12. Nxd4 Bxg2 13. Kxg2 Qxd4 {LiveBook: 3 Games} 14. Na4 Qd7 15. Rfd1 $146 ({Predecessor:} 15. Rad1 Rfd8 16. d4 cxd4 17. Rxd4 Qc7 18. Rfd1 Rxd4 19. Rxd4 {1-0 (57) Jacobsen,B (2285)-Ostergaard,J Copenhagen 1987}) 15... Rfd8 16. d4 Qb7+ 17. Qf3 Qxf3+ 18. Kxf3 cxd4 19. Bxd4 Nd7 20. Ke2 Rac8 21. Rd2 Bb4 22. Rd3 Nb8 23. Rad1 Nc6 24. Bb2 Rxd3 25. Rxd3 Rd8 26. Rxd8+ Nxd8 $11 {[%mdl 4096] Endgame KBN-KBN} 27. a3 Be7 28. b4 Nc6 29. Kd3 f6 30. Bc3 Kf7 31. Nb2 e5 {The position is equal.} 32. Bd2 Ke6 33. Na4 f5 34. Be3 {Precision: White = 61%, Black = 84%.} 1/2-1/2

[Event "DEN-chT Xtracon 2017-18"]
[Site "Denmark"]
[Date "2017.12.03"]
[Round "3.6"]
[White "Jaksland, Tim"]
[Black "Jacobsen, Mikkel Manosri"]
[Result "1/2-1/2"]
[WhiteElo "2168"]
[BlackElo "2162"]
[Annotator "TA"]
[PlyCount "40"]
[EventDate "2017.??.??"]
[EventType "team-tourn"]
[EventCountry "DEN"]
[SourceTitle "playchess.com"]
[Source "ChessBase"]
[SourceQuality "1"]

{[%evp 15,40,12,21,-12,59,68,59,27,31,35,97,-45,-30,-45,-70,-83,0,0,0,-79,0,0,0,-47,0,0,0]} 1. c4 c5 2. Nc3 Nc6 3. g3 g6 4. Bg2 Bg7 5. a3 e6 6. b4 d6 7. bxc5 {A36: Englische Eröffnung (Botwinnik-Variante)} dxc5 8. Bxc6+ bxc6 {LiveBook: 7 Partien} 9. Nf3 $146 ({Vorgänger:} 9. Qc2 Nf6 10. Nf3 O-O 11. d3 Qe7 12. Bg5 h6 13. Bxf6 Qxf6 14. Rc1 e5 {1-0 (40) Ivanchuk,V (2731)-Aronian,L (2803) Beijing 2013}) 9... Ne7 (9... e5 $11) 10. Rb1 $14 e5 {[%cal Be6e5,Be5e4][%mdl 32]} 11. Ne4 f5 12. Nxc5 {Schwarz muss nun Lb2 beachten.} O-O (12... e4 $14 13. Ng5 Qd6) 13. Qa4 ({Besser ist} 13. d3 $16) 13... e4 $1 $36 {[%cal Re4f3][%mdl 3072] Schwarz hat Kompensation. Schwarz steht aktiver.} 14. Ng5 Qd6 15. Nb7 $1 {[%cal Rb7d6]} Qd7 {[#] Und weiter mit ...Tb8 wäre nett.} 16. Nc5 Qd6 17. Nb7 $1 {[%cal Rb7d6]} Qd7 {Droht ...Tb8 und aus.} 18. Nc5 Qd6 19. Nb7 $1 {[%cal Rb7d6]} Qd7 {[#] zielt auf ...Tb8 ab.} 20. Nc5 Qd6 {Precision: Weiß = 41%, Schwarz = 34%.} 1/2-1/2

[Event "DEN-chT Xtracon 2017-18"]
[Site "Denmark"]
[Date "2017.12.03"]
[Round "3.7"]
[White "Ramsdal, Jens Albert"]
[Black "Wilbrandt, Simon Pil"]
[Result "1-0"]
[WhiteElo "2251"]
[BlackElo "2115"]
[Annotator "TA"]
[PlyCount "61"]
[EventDate "2017.??.??"]
[EventType "team-tourn"]
[EventCountry "DEN"]
[SourceTitle "playchess.com"]
[Source "ChessBase"]
[SourceQuality "1"]

{[%evp 17,61,0,0,-8,15,10,30,-12,0,7,21,-49,103,95,103,113,113,104,157,125,115,120,184,178,175,178,166,60,54,39,208,221,223,151,133,103,99,93,562,545,680,673,2008,1879,2001,1892]} 1. e4 c5 2. Nf3 d6 3. d4 cxd4 4. Nxd4 Nf6 5. Nc3 a6 6. Bc4 e6 7. Bb3 b5 8. O-O Be7 9. a3 O-O {LiveBook: 23 Games} 10. Qe1 {B87: Sicilian Scheveningen/Najdorf: 6 Bc4, with early ...b5} (10. f4 Bb7 11. f5 e5 12. Nde2 Nbd7 13. Ng3 h6 14. Kh1 Rc8 15. Be3 Re8 16. Qf3 Bf8 17. Rad1 Qa5 18. Bd2 Qc7 19. Bc1 Bc6 20. Nh5 a5 21. Nxf6+ Nxf6 {1-0 (30) Anwuli,D (2365)-Arun Prasad,S (2509) Dubai 2016}) 10... Qb6 $146 ({Predecessor:} 10... Bb7 11. Bg5 Qc7 12. Rd1 Nc6 13. Kh1 Na5 14. f4 Nc4 15. Bxc4 Qxc4 16. e5 dxe5 17. fxe5 Nd5 18. Nxd5 Qxd5 {0-1 (36) Dickson,P-Huizer,M IECG email 1996}) 11. Be3 Qb7 12. Bg5 {White has an edge.} Nbd7 13. Rd1 Nc5 14. Ba2 (14. f4 $11) 14... Ng4 $2 (14... h6 $15 {keeps the upper hand.} 15. Bxf6 Bxf6) 15. Bxe7 $16 Qxe7 16. b4 Nb7 (16... Qh4 $2 17. h3 $18 (17. Nf3 Qh5 $18)) 17. f4 {[%cal Bf2f4,Bf4f5,Bf5f6][%mdl 32]} Bd7 ({Better is} 17... Nd8) 18. h3 Nh6 19. f5 Rac8 (19... Kh8 $16 {is a better defense.}) 20. Qd2 $18 {f6! is the strong threat.} Kh8 21. f6 $1 {[%cal Rf6e7]} gxf6 {[#]} 22. Rf3 ({Don't take} 22. Qxh6 $6 Rxc3 23. Rxf6 Nd8 $14) (22. Nd5 $1 $18 {[%cal Rd5e7]} exd5 23. Bxd5 (23. Qxh6 Rg8 $16)) 22... Ng8 $14 23. Rg3 f5 $2 ({Black should play} 23... Rfd8 $14) 24. exf5 $18 d5 25. Rf1 $40 {[%mdl 128] White wants a kill.} Nd6 26. Qe2 {Hoping for Nxd5!} Qf6 {[#]} 27. Rd3 $1 Qh6 $2 {[%mdl 8192]} ({Don't go for} 27... Rxc3 $2 28. fxe6 Qg7 29. exd7 $18 (29. Rxc3 Qxd4+ 30. Qe3 Qxe3+ 31. Rxe3 Bc6 $16)) (27... Nxf5 $16 {is tougher.} 28. Nxf5 exf5 29. Nxd5 Qg7) 28. Qe5+ {White is clearly winning.} Qf6 29. Qxd6 {And now fxe6 would win.} Rxc3 30. fxe6 Qg7 31. Nf5 {Precision: White = 55%, Black = 22%.} 1-0

[Event "DEN-chT Xtracon 2017-18"]
[Site "Denmark"]
[Date "2017.12.03"]
[Round "3.7"]
[White "Christensen, Jan"]
[Black "Grove, Peter"]
[Result "1/2-1/2"]
[WhiteElo "2180"]
[BlackElo "2190"]
[Annotator "TA"]
[PlyCount "47"]
[EventDate "2017.??.??"]
[EventType "team-tourn"]
[EventCountry "DEN"]
[SourceTitle "playchess.com"]
[Source "ChessBase"]
[SourceQuality "1"]

{[%evp 21,47,0,-4,-12,0,-14,-2,-22,21,-27,0,0,5,6,14,0,69,-62,-58,-53,-54,-38,-17,-210,-6,-9,0,-70]} 1. d4 Nf6 2. Nf3 e6 3. e3 c5 4. Bd3 d5 5. b3 Nc6 6. O-O b6 7. Bb2 Bd6 8. c4 cxd4 9. exd4 O-O 10. Nbd2 Bb7 11. a3 Rc8 {LiveBook: 4 Games} 12. Qe2 {D05: Colle System with ...e6} Re8 13. Ne5 Bf8 {[#]} 14. Qe3 $146 ({Predecessor:} 14. Ndf3 Rc7 15. Rad1 Na5 16. Nd2 Nc6 17. Qe3 g6 18. f4 dxc4 19. bxc4 Bg7 {½-½ (65) Gonzalez Zamora,J (2544)-Matamoros Franco,C (2525) Tromsoe 2014}) 14... h6 15. Rfe1 Rc7 16. Rad1 Qa8 17. Bb1 dxc4 18. bxc4 Rd8 (18... Nxe5 $11 19. dxe5 Nd7) 19. Nb3 (19. Nd3 $14 Re7 20. f4) 19... Nxe5 $15 20. dxe5 Rxd1 21. Rxd1 Nd7 22. Rd6 $2 {[#]} (22. Nd4 $1 $11 {and White is okay.} Bxg2 23. Qd3) 22... Nc5 $2 ({Better is} 22... Bxd6 $19 23. exd6 Rxc4) 23. Nxc5 $11 Rxc5 24. Qd3 {Precision: White = 13%, Black = 14%.} (24. Rd7 $11 Qc8 25. Qd2 (25. Qd3 g6 $11)) 1/2-1/2